ბათუმის შოთა რუსთაველის სახელმწიფო უნივერსიტეტის ბიბლიოთეკა

Alter Ego. B1. (ბიბ.ჩანაწერი № 49857)

000 -LEADER
fixed length control field 00636nam a2200217Ia 4500
001 - CONTROL NUMBER
control field 16792
003 - CONTROL NUMBER IDENTIFIER
control field GE_BSU
005 - DATE AND TIME OF LATEST TRANSACTION
control field 20200131102009.0
008 - FIXED-LENGTH DATA ELEMENTS--GENERAL INFORMATION
fixed length control field 181216s2007||||fr |||||||||||||| ||fre||
020 ## - INTERNATIONAL STANDARD BOOK NUMBER
International Standard Book Number 9782011555137
080 ## - UNIVERSAL DECIMAL CLASSIFICATION NUMBER
Universal Decimal Classification number 811.133.1 D-15
100 ## - MAIN ENTRY--PERSONAL NAME
Personal name Daill,Emmanuelle.
9 (RLIN) 6559
245 ## - TITLE STATEMENT
Title Alter Ego. B1.
Remainder of title Methode de Frangais. 3 /
Statement of responsibility, etc. Emmanuelle Daill ; Pascale Trevisiol.
260 ## - PUBLICATION, DISTRIBUTION, ETC.
Place of publication, distribution, etc. Paris
264 ## - PRODUCTION, PUBLICATION, DISTRIBUTION, MANUFACTURE, AND COPYRIGHT NOTICE
Place of production, publication, distribution, manufacture Paris :
Name of producer, publisher, distributor, manufacturer Hachette,
Date of production, publication, distribution, manufacture, or copyright notice 2007.
300 ## - PHYSICAL DESCRIPTION
Extent 112 p .;
Other physical details ill .;
Dimensions 28cm.
653 ## - INDEX TERM--UNCONTROLLED
keyword Alter Ego. Methode de Frangais
653 ## - INDEX TERM--UNCONTROLLED
keyword გრამატიკა
700 ## - ADDED ENTRY--PERSONAL NAME
Personal name Trevisiol, Pascale
9 (RLIN) 6560
942 ## - ADDED ENTRY ELEMENTS (KOHA)
Koha item type წიგნი
Source of classification or shelving scheme
ეგზემპლარები
Withdrawn status Lost status Source of classification or shelving scheme Damaged status Not for loan Permanent Location Current Location Shelving location Date acquired Cost, normal purchase price Full call number Barcode Date last seen Copy number Price effective from Koha item type Public note
          ბათუმის შოთა რუსთაველის სახელმწიფო უნივერსიტეტის მთავარი ბიბლიოთეკა ბათუმის შოთა რუსთაველის სახელმწიფო უნივერსიტეტის მთავარი ბიბლიოთეკა წიგნსაცავი 2018-12-17 50.00 811.133.1 D-15 45104 2018-12-17 45104 2018-12-17 წიგნი 50 gel.
          ბათუმის შოთა რუსთაველის სახელმწიფო უნივერსიტეტის მთავარი ბიბლიოთეკა ბათუმის შოთა რუსთაველის სახელმწიფო უნივერსიტეტის მთავარი ბიბლიოთეკა წიგნსაცავი 2018-12-17 50.00 811.133.1 D-15 45105 2018-12-17 45105 2018-12-17 წიგნი 50.gel.
          ბათუმის შოთა რუსთაველის სახელმწიფო უნივერსიტეტის მთავარი ბიბლიოთეკა ბათუმის შოთა რუსთაველის სახელმწიფო უნივერსიტეტის მთავარი ბიბლიოთეკა წიგნსაცავი 2018-12-17 50.00 811.133.1 D-15 45106 2018-12-17 45106 2018-12-17 წიგნი 50 gel.